Größte Länder ohne ein Eisenbahnnetz - Statistiken

Allgemein
  • Dieses Quiz wurde 75 mal gespielt
  • Das Durchschnittsergebnis liegt bei 7 aus 20
Antwortstatistiken
Fläche in km Land % Korrekt
1.284.000 km² Tschad
72%
1.759.541 km² Libyen
59%
622.984 km² Zentralafrikanische Republik
52%
637.657 km² Somalia
45%
528.076 km² Jemen
43%
309.500 km² Oman
41%
26.338 km² Ruanda
41%
462.840 km² Papua-Neuguinea
40%
214.970 km² Guyana
36%
103.125 km² Island
36%
27.834 km² Burundi
34%
163.820 km² Suriname
34%
38.394 km² Bhutan
29%
27.750 km² Haiti
28%
17.818 km² Kuwait
19%
22.966 km² Belize
17%
36.125 km² Guinea-Bissau
17%
130.373 km² Nicaragua
17%
28.051 km² Äquatorialguinea
14%
28.896 km² Salomonen
12%
Keine übereinstimmenden Quizze gefunden
Verteilung der Resultate
Anzahl Personen mit jedem Resultat
Perzentil nach korrekt beantworteten Fragen
Ihre Resultats-Entwicklung
Sie haben dieses Quiz noch nicht gespielt